Quiz o III Rzeszy - Statystyki

Ogólne statystyki
  • Ten quiz został rozwiązany 593 razy
  • Średni wynik to 13 z 15
Statystyki odpowiedzi
Pytanie Odpowiedź % Poprawnych
W ile dni przejęła luksemburg 1
99%
Kto był przywódcą III Rzeszy Adolf Hitler
94%
Jaki kraj do siebieprzyłączyła jako pierwszy Austria
94%
W którym kraju urodził sięprzywódca III Rzeszy Austria
94%
W którym roku III Rzesza upadła 1945
93%
W którym roku powstała III Rzesza 1933
92%
W którym roku zaatakowała ZSRR 1941
92%
Ile miał ramion 4
92%
W którym miesiącu rozpocząłII wojnę światową Wrzesień
91%
Z jakim państwem podpisałpakt o nieagresję w 1939 r ZSRR
85%
Jak się nazywał znak III Rzeszy Swastyka
82%
Który to miesiąc Czerwiec
77%
Kim był z zawodu przed zostaniem przywódcą Malarzem
65%
Które pąństwo po upadku III Rzeszy miało RFN Stany Zjednoczone
63%
Z jakim innym przywódcą miałasojusz BenitoMussolini
59%
Nie znaleziono quizów pasujących do podanych kryteriów
Rozkład punktacji
Procent ludzi z każdym wynikiem
Percentyl według liczby udzielonych odpowiedzi
Twoja historia wyników
Nie rozwiązałeś tego quizu